U.S. Presidents who Visited the Most Countries - Statistics

General Stats
  • This quiz has been taken 183 times
  • The average score is 9 of 10
Answer Stats
# President % Correct
58 Barack Obama
99%
25 Donald Trump
97%
38 George H. W. Bush
94%
75 George W. Bush
94%
73 Bill Clinton
91%
25 Franklin D. Roosevelt
89%
26 Ronald Reagan
89%
34 Richard Nixon
87%
25 Jimmy Carter
79%
27 Dwight D. Eisenhower
77%
No matching quizzes found
Score Distribution
Percent of People with Each Score
Percentile by Number Answered
Your Score History
You have not taken this quiz